Ľudské práva v spoločnej obchodnej politike EÚ s tretími krajinami diplomová práca

Gespeichert in:
Bibliographische Detailangaben
1. Verfasser: Valach, Boris
Körperschaft: Obchodná fakulta EU. Katedra medzinárodného obchodu
Weitere Verfasser: Zubaľová, Ľubica, 1969-
Format: Buch
Sprache:Slowakisch
Veröffentlicht: Bratislava 2017
Tags: Tag hinzufügen
Keine Tags, Fügen Sie das erste Tag hinzu!

MARC

LEADER 00000nbm a2200000 4500
001 0230804
005 20170927113316.0
041 0 |a slo 
044 |a SK 
245 1 0 |a Ľudské práva v spoločnej obchodnej politike EÚ s tretími krajinami  |b diplomová práca  |c Boris Valach ; školiteľ: Ľubica Zubaľová 
264 1 |a Bratislava  |c 2017 
300 |a 75 s. 
100 1 |a Valach, Boris 
700 1 |a Zubaľová, Ľubica, 1969- 
710 2 |a Obchodná fakulta EU. Katedra medzinárodného obchodu